| 000 | 00776nam a2200229Ia 4500 | ||
|---|---|---|---|
| 003 | OSt | ||
| 005 | 20230623153533.0 | ||
| 008 | 210423s2003 xx 000 0 und d | ||
| 020 | _a81-86318-88-7 | ||
| 040 | _cAL | ||
| 041 | _aeng | ||
| 082 | _a820.954 PATI | ||
| 100 |
_aPATHAK (R S) _9111701 |
||
| 245 |
_aIndian English literature: marginalized voices _cSINGH (Avadhesh Kumar) |
||
| 260 |
_aNew Delhi _bCreative Books _c2003 |
||
| 300 |
_a243 _bHB |
||
| 365 |
_b500 _cINR |
||
| 440 |
_aCreative new literatures series 50 _9111702 |
||
| 650 |
_aEnglish Criticism _9111703 |
||
| 906 | _aAttia Hosain ; Dina Mehta ; english ; God of small things ; Indian ; literature: ; marginalized ; Nizzim Ezekiel ; Parsi ; Salman Rushdie ; voices ; women poets | ||
| 942 |
_2ddc _cBK |
||
| 999 |
_c167979 _d167979 |
||